Gestión y gobernabilidad en EMCALI : (Registro nro. 172743)

Detalles MARC
000 -LEADER
fixed length control field 01281cam a22003614i 4500
001 - CONTROL NUMBER
control field 2009383520
006 - FIXED-LENGTH DATA ELEMENTS--ADDITIONAL MATERIAL CHARACTERISTICS--GENERAL INFORMATION
fixed length control field m o d
007 - PHYSICAL DESCRIPTION FIXED FIELD--GENERAL INFORMATION
fixed length control field cr un ---uuuua
008 - FIXED-LENGTH DATA ELEMENTS--GENERAL INFORMATION
fixed length control field 081224s2008 ck a ob 000 0 spa d
010 ## - LIBRARY OF CONGRESS CONTROL NUMBER
LC control number 2009383520
020 ## - INTERNATIONAL STANDARD BOOK NUMBER
International Standard Book Number 9789586485388
020 ## - INTERNATIONAL STANDARD BOOK NUMBER
International Standard Book Number 9586485382
035 ## -
-- 38393
040 ## - CATALOGING SOURCE
Original cataloging agency UtOrBLW
Language of cataloging eng
Description conventions rda
Transcribing agency UtOrBLW
043 ## -
-- s-ck---
050 00 -
-- HD2768.C65
-- C358 2008
082 04 -
-- 363.60972
-- 23
100 1# - MAIN ENTRY--PERSONAL NAME
Personal name Varela B., Edgar
Fuller form of name (Varela Barrios)
245 10 - TITLE STATEMENT
Title Gestión y gobernabilidad en EMCALI :
Remainder of title liberalización de los servicios públicos y vulnerabilidad de las burocracias /
Statement of responsibility, etc Edgar Varela Barrios.
250 ## -
-- 1st edition.
264 #1 -
-- Bogotá, D.C. :
-- Ecoe Ediciones,
-- 2008.
300 ## - PHYSICAL DESCRIPTION
Extent 1 online resource (xix, 261 pages) :
Other physical details illustrations
336 ## -
-- text
-- txt
-- rdacontent
337 ## -
-- computer
-- c
-- rdamedia
338 ## -
-- online resource
-- cr
-- rdacarrier
490 0# - SERIES STATEMENT
Series statement Colección Textos universitarios. Area Ciencias políticas
504 ## - BIBLIOGRAPHY, ETC. NOTE
Bibliography, etc Includes bibliographical references (pages [253]-261).
610 20 - SUBJECT ADDED ENTRY--CORPORATE NAME
Corporate name or jurisdiction name as entry element Empresas Municipales de Cali
General subdivision Management.
650 #0 - SUBJECT ADDED ENTRY--TOPICAL TERM
Topical term or geographic name as entry element Municipal services
Geographic subdivision Colombia
-- Cali.
856 40 - LOCALIZACIÓN Y ACCESO ELECTRÓNICO
Identificador Uniforme del Recurso (URI/URL) https://app.vlex.com/#/sources/38393
942 ## -
-- RAA
999 ## -
-- 172743
-- 172743

No hay ítems disponibles.


CONTACTO


NOSOTROS


SITIOS DE INTERES

coordinacion.biblioteca.biblioteca@unienlinea.mx Misión, Visión y Objetivos Bases de datos
Directorio Bibliotecas Digitales y Repositorios
Normatividad Revistas y artículos
Convenios interbibliotecarios
Boletines



Hecho en México. Universidad Insurgentes (UIN). Todos los derechos reservados 2024. Esta página y sus contenidos pueden ser reproducidos con fines no lucrativos, siempre y cuando no se mutile, se cite la fuente completa y su dirección electrónicas. De otra forma requiere permiso previo por escrito de la institución




2024 Copyright Universidad Insurgentes | www.bibliouin.com.mx